| 000 | 00559 a2200181 4500 | ||
|---|---|---|---|
| 020 | _a0844255157 | ||
| 040 |
_aDLC _bDLC |
||
| 082 | 0 | 0 | _a808.5/1 |
| 100 | 1 | _aCarlin, Diana B., | |
| 245 | 1 | 0 |
_aPublic speaking today _cDiana Prentice, James Payne ; consulting editor, Virginia Myers. |
| 260 |
_aLincolnwood, Ill., U.S.A. : _bNational Textbook Co., _cc1989. |
||
| 300 |
_avii, 499 p. : _bill. ; _c24 cm. |
||
| 500 | _aIncludes indexes. | ||
| 650 | 0 | _aPublic speaking. | |
| 700 | 1 |
_aPayne, James, _d1950- |
|
| 700 | 1 | _aMyers, Virginia | |
| 942 |
_cBK _k808.51 PRE _2ddc |
||
| 999 |
_c4755 _d4755 |
||